000 01312nam a2200373 i 4500
001 196959
003 SpMaBN
005 20250813063346.0
006 m |o d
007 cr |n ||||||||
008 250227s2021 sp |||||o|||||||| ||spa d
017 _aB 21194-2020
_bOficina Depósito Legal Barcelona
020 _z9788433999177
035 _a(ES-BaLIB)9788433942197
035 _a(SpMaBN)a7275589
040 _aES-BaLIB
_bspa
_cSpMaBN
_dSpMaBN
_elocal
080 _a821.134.2-31"19"
100 1 _aAmat, Kiko,
_d1971-
_9239691
_eaut
245 1 0 _aRevancha /
_cKiko Amat.
264 1 _bEditorial Anagrama,
_c2021
300 _a324 páginas ;
_c22 cm
336 _aTexto
_2rdacontent
337 _asin mediación
_2rdamedia
338 _avolumen
_2rdacarrier
347 _aarchivo de texto
_bEPUB
_c0,37 Mbytes
490 1 _aNarrativas hispánicas (Anagrama) ;
_v660
655 0 _9234319
_aNovelas
852 _aES-MaACL
_cDEPOJ
_jN-10415
_hDonación: José Lázaro García
_xEncuadernación rústica con solapas
_9206538
903 _9234219
_aLázaro García, José
_ednr
942 _cMONOGRAFIA
_n0
999 _c196959
_d196959